Countries by Most Goals Scored in the Premier League - Statistics

General Stats
  • This quiz has been taken 240 times
  • The average score is 16 of 20
Answer Stats
Rank # of Goals Answer % Correct
1 10,826 England
100%
2 1,477 France
99%
7 673 Spain
97%
11 420 Argentina
96%
3 945 Ireland
96%
17 268 Germany
95%
13 366 Brazil
94%
12 414 Italy
94%
4 942 Scotland
93%
9 476 Belgium
89%
6 898 Wales
89%
5 904 Netherlands
87%
19 237 Northern Ireland
76%
20 236 Denmark
75%
8 510 Norway
74%
14 321 Ivory Coast
61%
10 471 Nigeria
61%
18 264 Australia
53%
15 314 Senegal
51%
16 270 Jamaica
17%
No matching quizzes found
Score Distribution
Percent of People with Each Score
Percentile by Number Answered
Your Score History
You have not taken this quiz